[Event "GER-chT U16"]
[Site "Willingen"]
[Date "2021.06.26"]
[Round "5.6"]
[White "Berresheim, Nils"]
[Black "Kluge, Malte"]
[Result "1-0"]
[WhiteElo "1588"]
[BlackElo "1652"]
[PlyCount "79"]
[EventDate "2021.06.23"]
[EventType "team-swiss"]
[EventRounds "7"]
[EventCountry "GER"]
[SourceTitle "CBM 203 Extra"]
[Source "ChessBase"]
[SourceDate "2021.09.30"]
[SourceVersion "1"]
[SourceVersionDate "2021.09.30"]
[SourceQuality "1"]
[WhiteTeam "Essen Katernberg"]
[BlackTeam "Kornwestheim"]
[WhiteTeamCountry "GER"]
[BlackTeamCountry "GER"]

1. d4 Nf6 2. c4 g6 3. Nc3 d5 4. Bg5 Ne4 5. cxd5 Nxg5 6. h4 Ne4 7. Nxe4 Qxd5 8. Nc3 Qa5 9. e3 Bg7 10. h5 c5 11. Bb5+ Bd7 12. Bxd7+ Nxd7 13. h6 Bf6 14. Nf3 0-0 15. 0-0 cxd4 16. exd4 Qh5 17. Qd2 Nb6 18. Rfe1 Nd5 19. Ne4 Bh8 20. Rac1 b6 21. Ne5 Bxe5 22. dxe5 Rfd8 23. Ng3 Qg4 24. e6 f5 25. Qc2 f4 26. Nf1 f3 27. Ng3 fxg2 28. Re4 Qf3 29. Qc4 Rf8 30. Qd4 Nf6 31. Rc3 Rad8 32. Rxf3 Rxd4 33. Rxd4 b5 34. Kxg2 a6 35. Ne4 Ne8 36. Rxf8+ Kxf8 37. Rd8 b4 38. Nc5 b3 39. Nd7+ Kg8 40. Rxe8# 1-0

[Event "GER-chT U16"]
[Site "Willingen"]
[Date "2021.06.25"]
[Round "4.6"]
[White "Kluge, Malte"]
[Black "Sell, Eero"]
[Result "0-1"]
[WhiteElo "1652"]
[BlackElo "1766"]
[PlyCount "130"]
[EventDate "2021.06.23"]
[EventType "team-swiss"]
[EventRounds "7"]
[EventCountry "GER"]
[SourceTitle "CBM 203 Extra"]
[Source "ChessBase"]
[SourceDate "2021.09.30"]
[SourceVersion "1"]
[SourceVersionDate "2021.09.30"]
[SourceQuality "1"]
[WhiteTeam "Kornwestheim"]
[BlackTeam "Blankenese"]
[WhiteTeamCountry "GER"]
[BlackTeamCountry "GER"]

1. d4 g6 2. c4 Bg7 3. Nf3 c5 4. d5 d6 5. e4 e6 6. Be2 exd5 7. exd5 Bg4 8. 0-0 Nd7 9. Re1 Bxf3 10. Bxf3+ Ne5 11. Bg4 Kf8 12. Na3 f5 13. Be2 Nf6 14. f4 Ned7 15. Nb5 Ne4 16. Bf3 a6 17. Bxe4 axb5 18. Bf3 bxc4 19. Qc2 Nb6 20. a4 Kf7 21. a5 Re8 22. Bd2 Rxe1+ 23. Rxe1 Nc8 24. Qxc4 Bxb2 25. Qb5 Bd4+ 26. Kh1 b6 27. axb6 Nxb6 28. Ba5 Rb8 29. Qa6 Qc8 30. Qe2 Qd7 31. Rb1 Re8 32. Qa6 Na8 33. Rb7 Nc7 34. Qc6 Qxc6 35. dxc6 Ra8 36. Rxc7+ Ke6 37. Rb7 Rxa5 38. g3 c4 39. Be2 Rc5 40. Rb4 d5 41. Rb6 c3 42. Bd3 c2 43. Bxc2 Rxc2 44. Rb7 Rxc6 45. Rxh7 Rc2 46. Rb7 Be3 47. Rg7 Kf6 48. Rd7 d4 49. Rd6+ Kg7 50. Rd7+ Kh6 51. h3 Rd2 52. g4 fxg4 53. hxg4 d3 54. f5 gxf5 55. gxf5 Kg5 56. Rg7+ Kxf5 57. Rf7+ Kg4 58. Rg7+ Kf3 59. Rg3+ Ke4 60. Rg8 Bf4 61. Re8+ Kf3 62. Rg8 Rd1+ 63. Rg1 Rxg1+ 64. Kxg1 d2 65. Kh1 d1R# 0-1

[Event "GER-chT U16"]
[Site "Magdeburg"]
[Date "2019.12.28"]
[Round "4.6"]
[White "Grunwald, Jonathan"]
[Black "Kluge, Malte"]
[Result "1-0"]
[WhiteElo "1815"]
[BlackElo "1679"]
[PlyCount "85"]
[EventDate "2019.12.27"]
[EventType "team-swiss"]
[EventRounds "7"]
[EventCountry "GER"]
[SourceTitle "CBM 194 Extra"]
[Source "ChessBase"]
[SourceDate "2020.03.31"]
[SourceVersion "1"]
[SourceVersionDate "2020.03.31"]
[SourceQuality "1"]
[WhiteTeam "Biebertal"]
[BlackTeam "Kornwestheim"]
[WhiteTeamCountry "GER"]
[BlackTeamCountry "GER"]

1. e4 c5 2. Nc3 Nc6 3. f4 d6 4. Nf3 g6 5. Bb5 Bd7 6. 0-0 Bg7 7. d3 Nf6 8. Qe1 0-0 9. Qh4 Nd4 10. Bxd7 Nxf3+ 11. Rxf3 Qxd7 12. f5 b5 13. Bh6 Rac8 14. Rh3 e6 15. Bg5 h5 16. Bxf6 Bxf6 17. Qxf6 exf5 18. exf5 Qd8 19. Qxd8 Rcxd8 20. Nd5 Kg7 21. f6+ Kh6 22. Re1 c4 23. Re7 cxd3 24. Rxd3 a5 25. Rc3 Rc8 26. Rxc8 Rxc8 27. Nc7 Rf8 28. Re8 Rxe8 29. Nxe8 Kh7 30. Nxd6 Kg8 31. Nxb5 Kf8 32. Nd6 g5 33. c4 g4 34. c5 Kg8 35. c6 Kh7 36. c7 Kg6 37. c8Q Kxf6 38. Kf2 Kg7 39. Ke3 Kf6 40. Kf4 Kg7 41. Nf5+ Kh7 42. Qf8 h4 43. Qg7# 1-0

[Event "GER-chT U14"]
[Site "Magdeburg"]
[Date "2018.12.29"]
[Round "6.3"]
[White "Kluge, Malte"]
[Black "Morgenstern, Tobias"]
[Result "1-0"]
[WhiteElo "1584"]
[BlackElo "1734"]
[PlyCount "103"]
[EventDate "2018.12.27"]
[EventType "team-swiss"]
[EventRounds "7"]
[EventCountry "GER"]
[SourceTitle "CBM 188 Extra"]
[Source "ChessBase"]
[SourceDate "2019.02.26"]
[SourceVersion "1"]
[SourceVersionDate "2019.02.26"]
[SourceQuality "1"]
[WhiteTeam "Kornwestheim"]
[BlackTeam "Magdeburg Schachzwerge"]
[WhiteTeamCountry "GER"]
[BlackTeamCountry "GER"]

1. d4 Nf6 2. c4 g6 3. Nc3 Bg7 4. e4 d6 5. Nf3 0-0 6. Be2 e5 7. Be3 Nc6 8. d5 Ne7 9. Nd2 Ne8 10. f3 f5 11. Bf2 f4 12. Qc2 c6 13. 0-0-0 c5 14. Nb3 a6 15. Bd3 Nc7 16. Qe2 Bd7 17. Nxc5 dxc5 18. d6 Ne6 19. dxe7 Qxe7 20. Nd5 Qd6 21. Bc2 Nd4 22. Bxd4 cxd4 23. Kb1 b5 24. Bd3 Rab8 25. Rc1 Rb7 26. c5 Qe6 27. Bc2 Kh8 28. Bb3 Qe8 29. Qc2 Bc6 30. Nb4 Ra7 31. Bd5 Rf6 32. Nxc6 Rxc6 33. Bxc6 Qxc6 34. Qb3 Rd7 35. Rhd1 Bf6 36. g3 fxg3 37. hxg3 Bg5 38. Rc2 Kg7 39. Rd3 Be3 40. Qa3 Rf7 41. Rxe3 dxe3 42. Qxe3 Rd7 43. Qg5 Qf6 44. Qe3 Qc6 45. Qc3 Kf6 46. Rc1 Rd4 47. b3 g5 48. Qa5 h5 49. Qb6 Qxb6 50. cxb6 Rd6 51. b7 Rb6 52. Rc6+ 1-0

[Event "Baden Wuerttemberg-chT U14"]
[Site "Burg Ortenberg"]
[Date "2018.06.24"]
[Round "4.3"]
[White "Wang, Xinyuan1111"]
[Black "Kluge, Malte"]
[Result "1-0"]
[WhiteElo "1748"]
[BlackElo "1584"]
[PlyCount "73"]
[EventDate "2018.06.23"]
[EventType "team-tourn"]
[EventRounds "5"]
[EventCountry "GER"]
[SourceTitle "EXT 2019"]
[Source "ChessBase"]
[SourceDate "2018.10.10"]
[SourceVersion "1"]
[SourceVersionDate "2018.10.10"]
[SourceQuality "1"]
[WhiteTeam "Karlsruhe U14"]
[BlackTeam "Kornwestheim U14"]
[WhiteTeamCountry "GER"]
[BlackTeamCountry "GER"]

1. d4 Nf6 2. c4 g6 3. Nc3 d5 4. cxd5 Nxd5 5. e4 Nxc3 6. bxc3 Bg7 7. Bc4 c5 8. Be3 Nc6 9. Ne2 0-0 10. 0-0 Bg4 11. f3 Na5 12. Bd3 cxd4 13. cxd4 Be6 14. Qd2 Bc4 15. Rac1 b5 16. f4 Bxd3 17. Qxd3 Nc4 18. e5 f6 19. Qb3 Kh8 20. Rfd1 a5 21. Bf2 Rb8 22. a4 Qd7 23. axb5 Nb6 24. Nc3 Qg4 25. Bg3 Bh6 26. Rf1 fxe5 27. f5 Qxd4+ 28. Bf2 Be3 29. Ne2 Bxf2+ 30. Rxf2 Qb4 31. Qe3 Nd7 32. fxg6 Rxf2 33. Qxf2 Rf8 34. Qg3 Rg8 35. g7+ Rxg7 36. Rc8+ Rg8 37. Qxg8# 1-0

[Event "Baden Wuerttemberg-chT U14"]
[Site "Burg Ortenberg"]
[Date "2018.06.23"]
[Round "2.3"]
[White "Hardt, Anton"]
[Black "Kluge, Malte"]
[Result "0-1"]
[WhiteElo "1676"]
[BlackElo "1584"]
[PlyCount "115"]
[EventDate "2018.06.23"]
[EventType "team-tourn"]
[EventRounds "5"]
[EventCountry "GER"]
[SourceTitle "EXT 2019"]
[Source "ChessBase"]
[SourceDate "2018.10.10"]
[SourceVersion "1"]
[SourceVersionDate "2018.10.10"]
[SourceQuality "1"]
[WhiteTeam "Lindenhof U14"]
[BlackTeam "Kornwestheim U14"]
[WhiteTeamCountry "GER"]
[BlackTeamCountry "GER"]

1. e4 c5 2. Nf3 d6 3. d4 cxd4 4. Nxd4 Nf6 5. Nc3 g6 6. Be3 Bg7 7. f3 0-0 8. Qd2 Nc6 9. 0-0-0 Bd7 10. h4 h5 11. g4 hxg4 12. h5 Nxh5 13. Bh6 Nxd4 14. Bxg7 Kxg7 15. Qxd4+ f6 16. Qg1 g3 17. Bc4 Qa5 18. Bd5 e6 19. Rxh5 gxh5 20. Qxg3+ Kf7 21. Qxd6 Rfd8 22. Bxb7 Rab8 23. Nd5 exd5 24. Bxd5+ Kg6 25. Qg3+ Kh7 26. Rg1 Bg4 27. fxg4 Rg8 28. Bxg8+ Rxg8 29. Rh1 Qg5+ 30. Kb1 Kh6 31. b3 Qxg4 32. Qxg4 Rxg4 33. Rf1 Kg6 34. Re1 h4 35. e5 fxe5 36. Kc1 Kf5 37. Kd2 h3 38. Rh1 Rg3 39. Ke2 Kg4 40. c4 Rg2+ 41. Ke3 Kg3 42. Rf1 h2 43. Rf8 Rg1 44. Rg8+ Kh3 45. Rh8+ Kg2 46. Rg8+ Kh1 47. Rh8 Rg2 48. Rd8 Rxa2 49. Kf3 e4+ 50. Kxe4 Kg1 51. Rg8+ Rg2 52. Rd8 Re2+ 53. Kd3 h1Q 54. Kxe2 Qh5+ 55. Kd3 Qf5+ 56. Ke2 Qf2+ 57. Kd3 Kf1 58. Rh8 0-1

[Event "Stuttgart-chB int"]
[Site "Ditzingen"]
[Date "2018.05.11"]
[Round "4"]
[White "Rautenberg, Uwe"]
[Black "Kluge, Malte"]
[Result "1-0"]
[WhiteElo "1909"]
[BlackElo "1584"]
[PlyCount "119"]
[EventDate "2018.05.10"]
[EventType "swiss"]
[EventRounds "7"]
[EventCountry "GER"]
[SourceTitle "EXT 2020"]
[Source "ChessBase"]
[SourceDate "2019.10.17"]
[SourceVersion "1"]
[SourceVersionDate "2019.10.17"]
[SourceQuality "1"]

1. d4 Nf6 2. Bf4 g6 3. e3 Bg7 4. c3 0-0 5. Be2 d5 6. Nd2 c5 7. h3 Nc6 8. g4 Re8 9. Ngf3 Nd7 10. 0-0 e5 11. dxe5 Ndxe5 12. Bb5 a6 13. Nxe5 axb5 14. Nxc6 bxc6 15. Nb3 b4 16. cxb4 Ba6 17. Re1 Bxb2 18. Nxc5 Bxa1 19. Qxa1 Qh4 20. Kg2 Bc4 21. a4 Ra7 22. a5 Rae7 23. Qd4 g5 24. Bd6 Re4 25. Nxe4 Rxe4 26. Bg3 Qh6 27. Qb6 Bb5 28. Qb8+ Qf8 29. Qxf8+ Kxf8 30. Bd6+ Ke8 31. Rc1 Kd7 32. Bc5 Re5 33. f3 f5 34. Bd4 Re8 35. gxf5 Rf8 36. e4 dxe4 37. fxe4 Bd3 38. Kf3 Rb8 39. Bc5 h5 40. Rd1 g4+ 41. hxg4 hxg4+ 42. Kg3 Kc7 43. Rxd3 Re8 44. Kf4 Kb7 45. Rg3 Rd8 46. Rxg4 Rd1 47. f6 Rf1+ 48. Ke5 Ka6 49. Rf4 Rh1 50. f7 Rh5+ 51. Rf5 Rh8 52. f8Q Rxf8 53. Rxf8 Kb5 54. Kd4 Ka6 55. Kc4 Kb7 56. e5 Ka6 57. e6 Kb7 58. e7 Kc7 59. e8Q Kb7 60. Qc8# 1-0